Central Library OPAC University of Rajshahi

The ethics of Islam with the Political spirit of Islam etc / (Record no. 27133)

MARC details
000 -LEADER
fixed length control field 00832nam a2200277 a 4500
001 - CONTROL NUMBER
control field 27133
003 - CONTROL NUMBER IDENTIFIER
rucl marc code BD-RjUL
005 - DATE AND TIME OF LATEST TRANSACTION
control field 20211209051122.0
008 - FIXED-LENGTH DATA ELEMENTS--GENERAL INFORMATION
fixed length control field 181020s1951 ii 000 0deng
035 ## - SYSTEM CONTROL NUMBER
System control number (BD-RjUL)27204
040 ## - CATALOGING SOURCE
Original cataloging agency DLC
Transcribing agency DLC
Modifying agency DLC
-- BD-RjUL
Language of cataloging eng
041 ## - LANGUAGE CODE
Language code of text/sound track or separate title eng
082 00 - DEWEY DECIMAL CLASSIFICATION NUMBER
Classification number 297.5
Edition number 23
Author mark and year ALE 1951
100 1# - MAIN ENTRY--PERSONAL NAME
Personal name Ali, Syed Ameer,
Dates associated with a name 1849-1928.
9 (RLIN) 223887
245 14 - TITLE STATEMENT
Title The ethics of Islam with the Political spirit of Islam etc /
Statement of responsibility, etc. by Syed Ameer Ali.
250 ## - EDITION STATEMENT
Edition statement 2nd ed.
260 ## - PUBLICATION, DISTRIBUTION, ETC. (IMPRINT)
Place of publication, distribution, etc. Calcutta:
Name of publisher, distributor, etc. The Noor Library,
Date of publication, distribution, etc. 1951
300 ## - PHYSICAL DESCRIPTION
Pagination xiv, 52, xii p. ;
Size 18 cm.
350 ## - PRICE (NR) (BK AM CF MU VM SE) [OBSOLETE]
Price Rs1.60
490 ## - SERIES STATEMENT
Series statement Islamic Series ;
Volume/sequential designation No. 2
650 #0 - SUBJECT ADDED ENTRY--TOPICAL TERM
Topical term or geographic name as entry element Religious life
General subdivision Islam.
9 (RLIN) 223888
Topical term or geographic name as entry element Islamic ethics
9 (RLIN) 223889
830 ## - SERIES ADDED ENTRY--UNIFORM TITLE
Uniform title Islamic Series ;
Volume number/sequential designation No. 2
942 ## - ADDED ENTRY ELEMENTS (KOHA)
Source of classification or shelving scheme Dewey Decimal Classification
Koha item type Rare Books
Holdings
Lost status Source of classification or shelving scheme Damaged status Not for loan Collection code Permanent Location Current Location Shelving location Date acquired Total Checkouts Full call number Date last seen Copy number Koha item type
  Dewey Decimal Classification   Not For Loan Rare Books Central Library, University of Rajshahi Central Library, University of Rajshahi Rare Book Section 20/10/2018   RA 297.5 ALE 1951 20/10/2018 C-1 Rare Books
  Dewey Decimal Classification   Not For Loan Rare Books Central Library, University of Rajshahi Central Library, University of Rajshahi Rare Book Section 20/10/2018   RA 297.5 ALE 1951 20/10/2018 C-2 Rare Books